000 00556nam a2200181Ia 4500
008 100917s9999 xx 000 0 und d
082 _b513
100 _aकुलकर्णी नारायण विनायक
245 _aसं. पार्थ प्रतिज्ञा
260 _b---
_c1917
300 _a106
365 _b1
520 _aनाटक
630 _aसं. पार्थ प्रतिज्ञा
650 _aनाटक
730 _aसं. पार्थ प्रतिज्ञा
942 _cBOOK
999 _c605907
_d605904